Kıbrıs'ta Hristiyanlaştırma-Rumlaştırma hareketleri Ortodoks-Katolik misyonerliği ve Türk toplumuna yönelik baskılar (Record no. 10300)

MARC details
000 -BAŞLIK
Sabit Uzunlukta Kontrol Alanı 00778na a2200241 4500
001 - KONTROL NUMARASI
Denetim Alanı 23644
003 - KONTROL NUMARASI IDENTIFIER
Denetim Alanı MIRAKIL
005 - SON İŞLEM TARİHİ VE ZAMANI
Denetim Alanı 20181213155314.0
008 - SABİT-BOY VERİ ELEMANLARI - GENEL BİLGİLER
Sabit Uzunlukta Kontrol Alanı 171116b tu 000 0
040 ## - KATALOGLAMA KAYNAK
Orijinal Kataloglama Ajansı Milas
Kataloglama Dili tur
Metne Dönüştürmek Ajansı TR-AnCHP
041 ## - DİL KODU
Metin / Ses Parça Veya Ayrı Başlığın Dil Kodu tur
082 ## - DEWEY ONLU SINIFLANDIRMA NUMARASI
Sınıflandırma Numarası 956.93
Ürün Numarası A47k 1997
090 ## - SINIFLAMA NUMARASI
Sınıflama Numarası 956.93 A47k 1997
100 ## - ANA GİRİŞ - KİŞİSEL İSİM
Kişisel Ad Altan, Mustafa Haşim
245 ## - BAŞLIK TABLOSU
Başlık Kıbrıs'ta Hristiyanlaştırma-Rumlaştırma hareketleri Ortodoks-Katolik misyonerliği ve Türk toplumuna yönelik baskılar
Sorumluluk Tablosu, Vb Mustafa Haşim Altan
260 ## - YAYIN, DAĞITIM, VB
Yayın, Dağıtım, Vb Yeri Girne
Yayıncı, Dağıtıcı, Vs Adı [yayl.y.]
Yayın, Dağıtım, Vb Tarihi 1997
300 ## - FİZİKSEL TANIM
Kapsam 127 s.
Diğer Fiziksel Ayrıntıları hrt.; şkl.
Boyutlar 30 sm.
504 ## - KAYNAKÇA VB NOT
Kaynakça Vb Notu Dizin var.
650 ## - KONU KATMA GİRİŞ - TOPİKAL DÖNEM
Topikal Süreli Veya Coğrafi Ad Giriş Elemanı Kıbrıs Türkleri
Genel Alt Bölümü Baskılar
650 ## - KONU KATMA GİRİŞ - TOPİKAL DÖNEM
Topikal Süreli Veya Coğrafi Ad Giriş Elemanı Kıbrıs sorunu
650 ## - KONU KATMA GİRİŞ - TOPİKAL DÖNEM
Topikal Süreli Veya Coğrafi Ad Giriş Elemanı Kuzey Kıbrıs Türk Cumhuriyeti (KKTC)
Genel Alt Bölümü Tarih
942 ## - EKLENDİ GİRİŞ ELEMANLARI (KOHA)
Sınıflandırma Veya Raf Düzeni Kaynak
Koha Öğesi Türü Books
999 ## - SİSTEM KONTROL NUMARALARI (KOHA)
Koha Biblionumber 10300
Koha Biblioitemnumber 10300
Holdings
Kalıcı Konum Mevcut Konum Edinme Tarihi Edinim Kaynak Toplam Check-Out'Lar Tam Çağrı Numarası Barkod Tarih Son Görülme İtibaren Geçerli Fiyatlar Koha Öğesi Türü
CHP Kütüphanesi CHP Kütüphanesi 11/16/2017 Bağış   956.93 A47k 1997 017634 11/16/2017 11/16/2017 Books